One direction songs by emojis - Statistics

General Stats
  • This quiz has been taken 2,575 times
  • The average score is 10 of 14
Answer Stats
Picture Answer % Correct
Kiss you
95%
Home
94%
Clouds
90%
Strong
90%
Wolves
89%
Up all night
82%
Back for you
79%
Hey angel
72%
You and I
71%
Love you goodbye
70%
No control
66%
Summer love
61%
Tell me a lie
49%
I wish
15%
No matching quizzes found
Score Distribution
Percent of People with Each Score
Percentile by Number Answered
Your Score History
You have not taken this quiz